|
|
|
|
| LEADER |
01515nam a22003494a 4500 |
| 001 |
0017325 |
| 003 |
BD-DhAAL |
| 005 |
20250408122942.0 |
| 008 |
240602t2005 dcuab b i000 0 eng d |
| 010 |
|
|
|a 2004061586
|
| 020 |
|
|
|a 0821359304 (pbk.)
|
| 020 |
|
|
|a 9780821359303 (pbk.)
|
| 035 |
|
|
|a (OCoLC)ocm56834544
|
| 040 |
|
|
|a DLC
|c DLC
|d C#P
|d IXA
|d OCL
|d DLC
|d BD-DhAAL
|
| 042 |
|
|
|a pcc
|
| 050 |
0 |
0 |
|a GB5014
|b .D55 2005
|
| 082 |
0 |
0 |
|a 363.34
|2 22
|
| 245 |
1 |
0 |
|a Natural disaster hotspots :
|b a global risk analysis /
|c Maxx Dilley ... [et al.].
|
| 260 |
|
|
|a Washington, D.C. :
|b World Bank,
|c 2005.
|
| 300 |
|
|
|a xii, 132 pages :
|b color illustrations, color maps ;
|c 28 cm
|
| 490 |
|
|
|a Disaster risk management series ;
|v no. 5
|
| 504 |
|
|
|a Includes bibliographical references (pages 130-132).
|
| 526 |
|
|
|a PPDM
|x Mr. Mohammad Aminur Rahman
Research Assistant
|
| 541 |
|
|
|a Ahsania Mission Book Distribution House
|e 17325
|
| 650 |
|
0 |
|a Natural disasters
|x Risk assessment.
|
| 650 |
|
0 |
|a Hazardous geographic environments
|x Risk assessment.
|9 56463
|
| 700 |
|
|
|a Dilley, Maxx,
|d 1958-
|9 56464
|
| 830 |
|
|
|a Disaster risk management series ;
|v no. 5
|9 56465
|
| 852 |
|
|
|a Ayesha Abed Library
|c General Stacks
|
| 942 |
|
|
|2 ddc
|c BK
|
| 999 |
|
|
|c 46692
|d 46692
|
| 952 |
|
|
|0 0
|1 0
|2 ddc
|4 0
|6 363_340000000000000_NAT
|7 0
|9 75583
|a BRACUL
|b BRACUL
|c GEN
|d 2024-06-02
|e Ahsania Mission Book Distribution House
|g 1383.00
|l 0
|o 363.34 NAT
|p 3010017325
|r 2024-06-02
|t 1
|w 2024-06-02
|y BK
|x Requisitioned by Mr. Mohammad Aminur Rahman (Research Assistant)
|